000 00550nmm a2200181Ia 4500
008 251105s9999||||xx |||||||||||||||||und||
041 _aspa
100 _aLe Goff, Jacques
245 0 _a¿Realmente es necesario cortar la historia en rebanadas?
264 _a[México D.C., Mexico] :
_bFondo de Cultura Económica,
_c2016
300 _a109 páginas
490 _aHistoria
650 _aHistory (General)
700 _aLe Goff, Jacques
700 1 _a Enríquez, Yenny
856 _uhttps://public.digitaliapublishing.com/a/64016
942 _cCF
999 _c67699
_d67699